Los críticos del imperio : (Record no. 100824)

MARC details
000 -CABECERA
campo de control de longitud fija 00743nam a2200217 a 4500
005 - FECHA Y HORA DE LA ÚLTIMA TRANSACCIÓN
campo de control 20210223125111.0
008 - ELEMENTOS DE LONGITUD FIJA--INFORMACIÓN GENERAL
campo de control de longitud fija 030908s1998 mx r 000 0 spa d
020 ## - NÚMERO INTERNACIONAL NORMALIZADO PARA LIBROS
Número Internacional Estándar del Libro 9700509346
035 ## - NÚMERO DE CONTROL DEL SISTEMA
Número de control de sistema UPN01000128647
049 ## - COLECCIÓN
Colección CG
050 #4 - SIGNATURA TOPOGRÁFICA DE LA BIBLIOTECA DEL CONGRESO
Número de clasificación NC1763 P6.9
Número de documento/Ítem A7.3
100 1# - ASIENTO PRINCIPAL--NOMBRE PERSONAL
Nombre de persona Arredondo, Estela
245 14 - MENCIÓN DE TÍTULO
Título Los críticos del imperio :
Resto del título la historia de los últimos sexenios a través de la caricatura /
Mención de responsabilidad, etc. Estela Arredondo.
260 ## - PUBLICACIÓN, DISTRIBUCIÓN, ETC.
Lugar de publicación, distribución, etc. México :
Nombre del editor, distribuidor, etc. Grijalbo,
Fecha de publicación, distribución, etc. 1998.
300 ## - DESCRIPCIÓN FÍSICA
Extensión 482 p. :
Otras características físicas il.
500 ## - NOTA GENERAL
Nota general Los textos fueron realizados por: Rius, Narango, Helioflores, Calderón, el Fisgón y Helguera
650 #4 - ASIENTO SECUNDARIO DE MATERIA - TERMINO TEMATICO
Término de materia o nombre geográfico como elemento de entrada SATIRA POLITICA
9 (RLIN) 16824
650 #4 - ASIENTO SECUNDARIO DE MATERIA - TERMINO TEMATICO
Término de materia o nombre geográfico como elemento de entrada SATIRA MEXICANA
9 (RLIN) 25139
650 #4 - ASIENTO SECUNDARIO DE MATERIA - TERMINO TEMATICO
Término de materia o nombre geográfico como elemento de entrada CARICATURAS -
Subdivisión geográfica MEXICO
9 (RLIN) 7070
905 ## - TIPO DE MATERIAL
Tipo de material Libro
Holdings
Estado de retiro Estado de pérdida Fuente del sistema de clasificación o colocación Estado dañado No para préstamo Código de colección Localización permanente Ubicación/localización actual Ubicación en estantería Total de préstamos Clasificación Código de barras Fecha visto por última vez Número de copia Tipo de ítem Koha
    Library of Congress Classification     Colección General Bib. Gregorio Torres Quintero Bib. Gregorio Torres Quintero Planta baja 15 NC1763 P6.9 A7.3 205700 31/12/2020 1 Libro